Estrategias diferentes, países similares: las consecuencias para el crecimiento y la equidad en Costa Rica y Cuba /
Uloženo v:
| Hlavní autor: | |
|---|---|
| Další autoři: | , |
| Médium: | Text |
| Témata: | |
| Tagy: |
Přidat tag
Žádné tagy, Buďte první, kdo vytvoří štítek k tomuto záznamu!
|
MARC
| LEADER | 00000 a a2200000 04500 | ||
|---|---|---|---|
| 001 | 8256 | ||
| 003 | |||
| 040 | |||
| 100 | |a Fuenmayor, Nila del Carmen | ||
| 245 | |a Estrategias diferentes, países similares: |b las consecuencias para el crecimiento y la equidad en Costa Rica y Cuba / |c Nila del Carmen Fuenmayor | ||
| 650 | |a ORGANIZACIONES NO GUBERNAMENTALES | ||
| 650 | |a JUVENTUD | ||
| 650 | |a PROGRAMAS DE CAPACITACION | ||
| 650 | |a EMPLEO | ||
| 650 | |a DESEMPLEO JUVENIL | ||
| 650 | |a DESERCION ESCOLAR | ||
| 650 | |a DESEMPLEO JUVENIL | ||
| 700 | |a Gamboa Cáceres, Teresa | ||
| 700 | |a Meleán Romero, Rosana | ||
| 773 | |g volumen 8, número 1; páginas 37-65 | ||
| 999 | |c 21297 |d 21297 | ||
